<?xml version="1.0" encoding="UTF-8"?>
<record
    xmlns:xsi="http://www.w3.org/2001/XMLSchema-instance"
    xsi:schemaLocation="http://www.loc.gov/MARC21/slim http://www.loc.gov/standards/marcxml/schema/MARC21slim.xsd"
    xmlns="http://www.loc.gov/MARC21/slim">

  <leader>00518nam a22002057a 4500</leader>
  <controlfield tag="003">PILC</controlfield>
  <controlfield tag="005">20160119143908.0</controlfield>
  <controlfield tag="008">130912t        xxu||||| |||| 00| 0 eng d</controlfield>
  <datafield tag="020" ind1=" " ind2=" ">
    <subfield code="a">0380701294</subfield>
  </datafield>
  <datafield tag="050" ind1=" " ind2=" ">
    <subfield code="a">PS 3561.A88</subfield>
    <subfield code="b">.K21 1986</subfield>
  </datafield>
  <datafield tag="082" ind1=" " ind2=" ">
    <subfield code="a">FIC </subfield>
    <subfield code="b">K17c 1985</subfield>
  </datafield>
  <datafield tag="100" ind1=" " ind2=" ">
    <subfield code="a">Kavanaugh, James</subfield>
    <subfield code="9">18975</subfield>
  </datafield>
  <datafield tag="245" ind1=" " ind2=" ">
    <subfield code="a">The celibates </subfield>
    <subfield code="c">James Kavanaugh</subfield>
  </datafield>
  <datafield tag="260" ind1=" " ind2=" ">
    <subfield code="a">New York : </subfield>
    <subfield code="b">Avon Books, </subfield>
    <subfield code="c">c1986.  </subfield>
  </datafield>
  <datafield tag="300" ind1=" " ind2=" ">
    <subfield code="a">428 p. :</subfield>
    <subfield code="c">17 cm.</subfield>
  </datafield>
  <datafield tag="562" ind1=" " ind2=" ">
    <subfield code="e">1</subfield>
  </datafield>
  <datafield tag="650" ind1=" " ind2=" ">
    <subfield code="a">Fiction </subfield>
    <subfield code="9">746</subfield>
  </datafield>
  <datafield tag="942" ind1=" " ind2=" ">
    <subfield code="2">lcc</subfield>
    <subfield code="c">BK</subfield>
  </datafield>
  <datafield tag="999" ind1=" " ind2=" ">
    <subfield code="c">11108</subfield>
    <subfield code="d">11108</subfield>
  </datafield>
  <datafield tag="952" ind1=" " ind2=" ">
    <subfield code="0">0</subfield>
    <subfield code="1">0</subfield>
    <subfield code="2">lcc</subfield>
    <subfield code="4">0</subfield>
    <subfield code="a">LUX</subfield>
    <subfield code="b">LUX</subfield>
    <subfield code="c">FIC</subfield>
    <subfield code="d">2013-09-12</subfield>
    <subfield code="l">0</subfield>
    <subfield code="o">PS 3561.A88 .K21 1986</subfield>
    <subfield code="p">2924</subfield>
    <subfield code="r">2013-09-12 00:00:00</subfield>
    <subfield code="t">1</subfield>
    <subfield code="w">2013-09-12</subfield>
    <subfield code="y">BK</subfield>
  </datafield>
</record>
